00443 2200169 4500001002100000005001500021035002000036245004500056100002100101300003500122260003300157082001200190084001800202020002200220650002000242990001100262INLIS00000000000150520230831074227 a0010-08230000221 aMumi Dinasti Kurulik /cIrcham Machfoedz0 aIrcham Machfoedz axii, 241 hlm :bilust ;c19 cm aYogyakarta :bAldania,c2022 a899.221 a899.221 IRC m a978-602-70625-3-5 4aFiksi Indonesia a002795